00327 a2200109 4500001001000000005001700010008004100027245005300068100002900121773005000150999001700200ART_2482720260410161934.0260409a 10aLos nuevos principios de diseño organizacional1 aDrucker, Peter Ferdinand0 tGestióng- Nº 6 (abr./mayo 1974)wREV24740 c28877d28877